ARRUPE JESUIT UNIVERSITY

CORONAVIRUS -STOP THE SPREAD - CLEAN,DISINFECT,COVER

The Cambridge companion to Aristotle's Nicomachean ethics / (Record no. 129689)

MARC details
000 -LEADER
fixed length control field 01276cam a22003258i 4500
001 - CONTROL NUMBER
control field 18101310
003 - CONTROL NUMBER IDENTIFIER
control field ARRUPE
005 - DATE AND TIME OF LATEST TRANSACTION
control field 20190814111729.0
008 - FIXED-LENGTH DATA ELEMENTS--GENERAL INFORMATION
fixed length control field 140403s2014 nyu b 001 0 eng
010 ## - LIBRARY OF CONGRESS CONTROL NUMBER
LC control number 2014009858
020 ## - INTERNATIONAL STANDARD BOOK NUMBER
International Standard Book Number 9780521192767 (hardback : alk. paper)
020 ## - INTERNATIONAL STANDARD BOOK NUMBER
International Standard Book Number 9780521122733 (pbk.)
040 ## - CATALOGING SOURCE
Original cataloging agency DLC
Language of cataloging eng
Transcribing agency DLC
Description conventions rda
042 ## - AUTHENTICATION CODE
Authentication code pcc
050 00 - LIBRARY OF CONGRESS CALL NUMBER
Classification number B430
Item number .C36 2014
082 00 - DEWEY DECIMAL CLASSIFICATION NUMBER
Classification number 171/.3
Edition number 23
300 ## - PHYSICAL DESCRIPTION
Dimensions 24 cm.
245 00 - TITLE STATEMENT
Title The Cambridge companion to Aristotle's Nicomachean ethics /
Statement of responsibility, etc edited by Ronald Polansky, Duquesne University, Pittsburgh.
260 ## - PUBLICATION, DISTRIBUTION, ETC. (IMPRINT)
Place of publication, distribution, etc New York
Name of publisher, distributor, etc Cambridge University Press
Date of publication, distribution, etc 2014
300 ## - PHYSICAL DESCRIPTION
Extent xii, 474 p. ;
490 0# - SERIES STATEMENT
Series statement Cambridge companions to philosophy
504 ## - BIBLIOGRAPHY, ETC. NOTE
Bibliography, etc Includes bibliographical references and index.
600 00 - SUBJECT ADDED ENTRY--PERSONAL NAME
Personal name Aristotle
Title of a work Nicomachean ethics.
9 (RLIN) 2950
650 #0 - SUBJECT ADDED ENTRY--TOPICAL TERM
Topical term or geographic name as entry element Ethics.
9 (RLIN) 47773
700 1# - ADDED ENTRY--PERSONAL NAME
Personal name Polansky, Ronald M.,
Dates associated with a name 1948-
Relator term editor of compilation.
9 (RLIN) 47774
906 ## - LOCAL DATA ELEMENT F, LDF (RLIN)
a 7
b cbc
c orignew
d 1
e ecip
f 20
g y-gencatlg
942 ## - ADDED ENTRY ELEMENTS (KOHA)
Source of classification or shelving scheme Library of Congress Classification
Koha item type Monograph ( Printed materials)
Holdings
Withdrawn status Lost status Source of classification or shelving scheme Damaged status Not for loan Collection code Home library Current library Shelving location Date acquired Total Checkouts Full call number Barcode Date last seen Date checked out Price effective from Koha item type
    Library of Congress Classification     Main Collection ARRUPE LIBRARY ARRUPE LIBRARY Main Collection 14/08/2019 1 B430 .C36 2014 46600005004 14/10/2020 14/09/2020 14/08/2019 Monograph ( Printed materials)

 

Arrupe Library. PO Box MP320 Mt Pleasant, Harare, Zimbabwe
263 242 745411|librarian@aju.ac.zw